000 01066nam a22003137a 4500
001 0155
003 DO-SdBNP
005 20180222141650.0
007 0155
008 151005b 1999 sp a 00| 0 spa d
020 _a2215063777
040 _aBPMSU
_bspa
_cBPMSU
082 4 _axxxx
_bxxxx
100 1 _aBeaumont, Emilie
240 1 0 _aLes chats
_gL´imagerie animale
_lfre
245 1 0 _aLos gatos /
_cEmilie Beaumont, Agnés Vandewiele ; ilustraciones Lorenzo Orlandi, Betti Ferrero
260 _aEspaña :
_bFleurus,
_c1999.
300 _a27 p. :
_bil. ;
_c30 cm.
490 1 _aEnciclopedia de los animales
505 1 _tEl gato --
_tUn maestro del equilibrio --
_tUn gran cazador --
_tConducta --
_tUna vida higiénica --
_tLas crías --
_tCuidando a tu gato --
_tGatos de pelo corto --
_tGatos de pelo largo --
700 1 2 _aVandewiele, Agnés
700 1 2 _aOrlandi, Lorenzo,
_eil.
700 1 2 _aFerrero, Betti,
_eil.
830 0 _aEnciclopedia de los animales
910 _a202
942 _2ddc
_cBK
945 _aInventariado, 2018 / BT
956 _aYngrid Lockward
999 _c8927
_d8927